Súkromný kľúč pod kontrolou jeho majiteľa - bezpečné zariadenie
Pokračovanie článku o elektronickom podpise zo Slovenského výberu č. 9/2002. Riziká zneužitia súkromného kľúča. Vytváranie elektronického podpisu. Bezpečné zariadenie na vyhotovenie elektronického podpisu. Stupeň ochrany súkromného kľúča. Používané štandardné formáty a rozhrania.
Enregistré dans:
| Auteur principal: | |
|---|---|
| Format: | Chapitre de livre |
| Langue: | slovaque |
| Sujets: | |
| Tags: |
Pas de tags, Soyez le premier à ajouter un tag!
|
MARC
| LEADER | 00000naa a2200000 4500 | ||
|---|---|---|---|
| 001 | r046503 | ||
| 005 | 20231002114449.8 | ||
| 041 | 0 | |a slo | |
| 044 | |a SK | ||
| 245 | 1 | 0 | |a Súkromný kľúč pod kontrolou jeho majiteľa - bezpečné zariadenie |c Radimír Rexa |
| 520 | |a Pokračovanie článku o elektronickom podpise zo Slovenského výberu č. 9/2002. Riziká zneužitia súkromného kľúča. Vytváranie elektronického podpisu. Bezpečné zariadenie na vyhotovenie elektronického podpisu. Stupeň ochrany súkromného kľúča. Používané štandardné formáty a rozhrania. | ||
| 610 | 2 | 0 | |a podpis elektronický |
| 610 | 2 | 0 | |a ochrana dát |
| 610 | 2 | 0 | |a ochrana informácií |
| 100 | 1 | |a Rexa, Radimír | |